Подробности
| 000 -МАРКЕР |
| контрольное поле |
01451nam0a2200289 4500 |
| 001 - ИДЕНТИФИКАТОР ЗАПИСИ |
| контрольное поле |
RU\NLR\bibl\27572 |
| 005 - ИДЕНТИФИКАТОР ВЕРСИИ |
| контрольное поле |
20260407092937.0 |
| 021 ## - НОМЕР ГОСУДАРСТВЕННОЙ РЕГИСТРАЦИИ |
| Код страны |
российская федерация |
| Номер |
99-11983 |
| Номер Листа государственной регистраци |
579 |
| 035 ## - ДРУГИЕ СИСТЕМНЫЕ НОМЕРА |
| Идентификатор записи |
(NLR Aleph) 000026853 |
| 100 ## - ДАННЫЕ ОБЩЕЙ ОБРАБОТКИ |
| Данные общей обработки |
19990517d1999 |||y0rusy50 ca |
| 101 0# - ЯЗЫК РЕСУРСА |
| Язык текста, звукозаписи и т.д. |
русский |
| 102 ## - СТРАНА ПУБЛИКАЦИИ ИЛИ ПРОИЗВОДСТВА |
| Страна публикации |
российская федерация |
| 200 1# - ЗАГЛАВИЕ И СВЕДЕНИЯ ОБ ОТВЕТСТВЕННОСТИ |
| Основное заглавие |
Федеральное Собрание - парламент Российской Федерации. Государственная Дума |
| Сведения, относящиеся к заглавию |
Стеногр. заседаний |
| -- |
Бюл. № 246 (388), 18 марта 1999 г. |
| 210 ## - ПУБЛИКАЦИЯ, РАСПРОСТРАНЕНИЕ И ДР. |
| Место издания, распространения и т.д. |
М. |
| Имя издателя, распространителя и т. д. |
Гос. Дума |
| Дата издания, распространения и т.д. |
[1999] |
| 215 ## - ФИЗИЧЕСКАЯ ХАРАКТЕРИСТИКА |
| Специфическое обозначение материала и объем |
48 с. |
| Размеры |
30 |
| 601 01 - НАИМЕНОВАНИЕ ОРГАНИЗАЦИИ КАК ПРЕДМЕТ |
| Начальный элемент ввода |
Российская Федерация |
| Структурное подразделение организации |
Федеральное Собрание |
| -- |
Государственная Дума |
| Формальный подзаголовок |
Стенографические отчеты |
| Тематический подзаголовок |
Заседания |
| Системный номер авторитетной/нормативной записи |
2540242 |
| Идентификатор авторитетной/нормативной записи |
RU\NLR\auth\661503944 |
| 601 01 - НАИМЕНОВАНИЕ ОРГАНИЗАЦИИ КАК ПРЕДМЕТ |
| Начальный элемент ввода |
Российская Федерация |
| Структурное подразделение организации |
Государственная Дума |
| Формальный подзаголовок |
Стенографические отчеты |
| Тематический подзаголовок |
Заседания |
| Системный номер авторитетной/нормативной записи |
2537580 |
| Идентификатор авторитетной/нормативной записи |
RU\NLR\auth\661502569 |
| 686 ## - ИНДЕКСЫ ДРУГИХ КЛАССИФИКАЦИЙ |
| Индекс |
Х620.611.32Р |
| 710 01 - НАИМЕНОВАНИЕ ОРГАНИЗАЦИИ - ПЕРВИЧНАЯ ОТВЕТСТВЕННОСТЬ |
| Начальный элемент ввода |
Российская Федерация |
| Структурное подразделение |
Государственная Дума |
| Идентифицирующий признак |
1996-1999 |
| Структурное подразделение |
Заседание |
| Дата проведения временной организации |
1999, март |
| Идентификатор авторитетной/нормативной записи |
RU\NLR\AUTH\8810050919 |
| Системный номер авторитетной/нормативной записи |
602088 |
| 801 #0 - ИСТОЧНИК ЗАПИСИ |
| Страна |
российская федерация |
| Организация |
NLR |
| Дата составления |
19990517 |
| Правила каталогизации |
PSBO |
| 801 #1 - ИСТОЧНИК ЗАПИСИ |
| Страна |
российская федерация |
| Организация |
NLR |
| Дата составления |
19990517 |
| 852 ## - МЕСТОНАХОЖДЕНИЕ И ШИФР ХРАНЕНИЯ |
| Идентификатор организации |
NLR |
| Шифр хранения (Call Number) |
99-8/494 |
| 942 ## - ДОПОЛНИТЕЛЬНЫЕ ЭЛЕМЕНТЫ ЗАПИСИ (АБИС) |
| Тип экземпляра АБИС |
Книга |
| 980 ## - КОЛЛЕКЦИЯ |
| Название коллекции |
Национальная библиография |